Idey slobody, rovnosti a bratstva v dejinách slovenského národa v 1. polovici 19. storočia

Bibliographic Details
Main Author: Kračunová, Mária, 1948- (Author)
Format: Article
Language:Slovak
ISBN:8080452202
Subjects:

MARC

LEADER 00000nab a2200000 a 4500
001 vtls009525871
003 SK-MaSNL
005 20260304182733.0
008 090615c2000 xo r m 000 00slo
015 |a SNBRA2009/06SVKPO 
038 |a SVKPO 
040 |a SVKPOCL  |c slo  |e AACR2 
041 0 |a slo 
044 |a xo  |c SK 
080 |a 943.76"181/185"  |2 2001 
080 |a 94(437.6)"181/185"  |2 2001 
100 1 |a Kračunová, Mária,  |d 1948-  |4 aut  |9 634839 
245 1 0 |a Idey slobody, rovnosti a bratstva v dejinách slovenského národa v 1. polovici 19. storočia  |c Mária Kračúnová 
504 |a Bibliogr. odkazy 
648 7 |a 19. stor., 1. polovica  |2 SNK  |9 546147 
650 0 7 |a slovenské národné obrodenie  |2 svkpocl  |9 71521 
650 0 7 |a slovenský národ  |2 svkpocl  |9 367233 
651 7 |a Slovensko  |x dejiny  |2 SNKPHgeo  |9 13278 
773 0 |t Zborník príspevkov z konferencie učiteľov dejepisu stredných škôl a metodikov dejepisu základných škôl Košického a Prešovského kraja 26. apríla 2000 v Prešove / [Zostavili: Viera Hudečková, Michal Otčenáš]  |d Prešov : Metodické centrum, 2000  |g S. 56-67  |z 8080452202 
852 |a SVKPO  |b KIS3GCP 
958 |a SK 
958 |a NB 
999 |c 3030941  |d 3032871